[Event "39th TCh-GRE"]
[Site "Eretria GRE"]
[Date "2011.07.06"]
[Round "5.7"]
[White "Cramling, Pia"]
[Black "Genova, Lyubka"]
[Result "1-0"]
[WhiteTitle "GM"]
[BlackTitle "WIM"]
[WhiteElo "2472"]
[BlackElo "2270"]
[WhiteTeam "Ptolemaida Ptolemaios CC"]
[BlackTeam "Culture Club Florinas"]
[WhiteFideId "1700030"]
[BlackFideId "2905612"]
[EventDate "2011.07.03"]

1. d4 Nf6 2. Nf3 e6 3. e3 c5 4. Bd3 b6 5. O-O Bb7 6. c4 Be7 7. Nc3 cxd4 8. exd4
d5 9. cxd5 Nxd5 10. Ne5 O-O 11. Qg4 f5 12. Qe2 Bf6 13. Bc4 Re8 14. Rd1 a6 15.
Be3 b5 16. Bb3 Nd7 17. Nd3 Nxc3 18. bxc3 Nb6 19. Nc5 Bd5 20. Bf4 Nc4 21. a4 Qc8
22. Bxc4 Bxc4 23. Qe3 Qc6 24. Be5 Bd5 25. Rd3 Be4 26. Bxf6 gxf6 27. Qg3+ Kf7 28.
Qh4 Rg8 29. Rg3 Rxg3 30. hxg3 f4 31. Re1 Bf5 32. g4 Rg8 33. f3 e5 34. gxf5 Qxf3
35. Qh2 1-0

[Event "39th TCh-GRE"]
[Site "Eretria GRE"]
[Date "2011.07.06"]
[Round "5.7"]
[White "Vasiliadis, Anastasios"]
[Black "Kosmidis, Ioannis"]
[Result "1-0"]
[WhiteElo "1891"]
[BlackElo "1754"]
[WhiteTeam "Culture Club Florinas"]
[BlackTeam "Ptolemaida Ptolemaios CC"]
[WhiteFideId "4251083"]
[BlackFideId "4253876"]
[EventDate "2011.07.03"]

1. e4 c5 2. Nf3 e6 3. d4 cxd4 4. Nxd4 a6 5. Nc3 Nc6 6. Be3 Qc7 7. Bd3 Nf6 8. O-O
Be7 9. Qd2 d6 10. h3 O-O 11. Rae1 b5 12. f4 Bb7 13. a3 Rad8 14. Qf2 d5 15. e5
Ne4 16. Bxe4 dxe4 17. Nb3 Rd7 18. Bb6 Qb8 19. Nxe4 Rc8 20. Kh1 Nd8 21. f5 Bd5
22. f6 Bf8 23. fxg7 Bxg7 24. Nf6+ Bxf6 25. exf6 Nb7 26. Be3 Rc4 27. Bf4 Qf8 28.
Re5 Nd6 29. Rg5+ Kh8 30. Bxd6 Rxd6 31. c3 Qh6 32. Qg3 Rd8 33. Nd4 Rcc8 34. Rh5
Qg6 35. Qxg6 fxg6 36. Re5 Re8 37. Kh2 Rc7 38. g4 Rf7 39. g5 h6 40. h4 hxg5 41.
hxg5 Kg8 42. Rfe1 Rh7+ 43. Kg3 Kf7 44. Ne2 Rh1 45. Rxh1 Bxh1 46. Rc5 e5 47. Kg4
Ke6 48. Rc7 Be4 49. Ng3 Bc2 50. Kf3 Rd8 51. Re7+ Kd5 52. Ra7 Kc5 53. f7 Rf8 54.
Ne4+ Kb6 55. Re7 Bb3 56. Nd6 Kc6 57. Re8 Kxd6 58. Rxf8 Ke7 59. Re8+ Kxf7 60.
Rxe5 Bc4 61. Ke4 a5 62. Kd4 a4 63. Kc5 1-0

[Event "39th TCh-GRE"]
[Site "Eretria GRE"]
[Date "2011.07.06"]
[Round "5.8"]
[White "Kanellopoulos, Panayotis"]
[Black "Nikolaidis, Konstantinos"]
[Result "1/2-1/2"]
[BlackTitle "FM"]
[WhiteElo "2260"]
[BlackElo "2274"]
[WhiteTeam "CC Patron"]
[BlackTeam "SK. AK. Chalkidos Palamidis The Evvoefs"]
[WhiteFideId "4205928"]
[BlackFideId "4200578"]
[EventDate "2011.07.03"]

1. Nf3 Nf6 2. c4 g6 3. Nc3 Bg7 4. g3 O-O 5. Bg2 d6 6. O-O a6 7. Rb1 e5 8. d3 h6
9. b4 Nh5 10. a4 c6 11. Bb2 Be6 12. Nd2 Nf6 13. b5 axb5 14. axb5 d5 15. Qb3 Nbd7
16. Ra1 Rxa1 17. Rxa1 Re8 18. Ba3 e4 19. bxc6 bxc6 20. dxe4 dxc4 21. Qc2 Ng4 22.
Rf1 Qa5 23. Bb2 Rb8 24. Ba1 Nc5 25. h3 Nb3 26. Nxb3 cxb3 27. Qd2 Ne5 28. Qd6 Rd8
29. Qe7 Nc4 30. Na4 b2 31. Bxb2 Nxb2 32. Nxb2 Bxb2 33. e5 Bxe5 34. Bxc6 Qb6 35.
Kh2 Qc7 36. Qxc7 Bxc7 37. Bf3 Rd2 38. Kg2 Bb6 39. Rb1 Ba7 40. Rb7 Bc5 41. Rb5
Bd6 42. Ra5 Kg7 43. h4 Bc4 44. Kf1 Rd1+ 45. Kg2 Re1 46. e3 Rc1 47. Be4 h5 48.
Ra4 Bc5 49. Ra8 f5 50. Bf3 Rc2 51. Kg1 Bb4 52. Ra1 Kf6 53. Bg2 Ke5 54. Rd1 Bd2
55. Rb1 Ba5 56. Rd1 Bc3 57. Rb1 Bb2 58. Rd1 Bb3 59. Bf3 Bc3 60. Rb1 Bc4 61. Bg2
Bd3 62. Rd1 Bd2 63. Ra1 Be4 64. Bf1 Bd5 65. Bh3 Rb2 66. Bf1 Bb4 67. Rd1 Bd2 68.
Ra1 Ba2 69. Bg2 Bb1 70. Ra4 Be1 71. Rf4 Bd3 72. Bc6 Rb6 73. Bf3 Rb1 74. Kg2 Rb2
75. Bc6 Rd2 76. Bb7 Rc2 77. Ba8 Ra2 78. Bc6 Ra6 79. Bb7 Rb6 80. Ba8 Rd6 81. Kg1
Ra6 82. Bb7 Rb6 83. Ba8 Be4 84. Bxe4 fxe4 85. Kf1 Bd2 86. Ke2 Rb2 87. Kf1 Rb1+
88. Kg2 Rb3 89. Rf8 Bxe3 90. fxe3 Rxe3 91. Rg8 Kf5 92. Rf8+ Ke6 93. Rg8 Kf7 94.
Ra8 Re2+ 95. Kf1 Re3 96. Kf2 Rf3+ 97. Kg2 Ke6 98. Ra6+ Kf5 99. Ra5+ Kf6 100.
Ra6+ Ke5 101. Ra5+ Kd4 102. Ra4+ Kd5 103. Ra5+ Kd4 104. Ra4+ Ke5 105. Ra5+ Kf6
106. Ra6+ Kf5 107. Ra5+ Ke6 108. Ra6+ Ke5 1/2-1/2

[Event "39th TCh-GRE"]
[Site "Eretria GRE"]
[Date "2011.07.06"]
[Round "5.8"]
[White "Kourousis, Epaminondas"]
[Black "Tsangaris, Spyridon"]
[Result "1-0"]
[WhiteElo "2273"]
[BlackElo "1996"]
[WhiteTeam "SK. AK. Chalkidos Palamidis The Evvoefs"]
[BlackTeam "CC Patron"]
[WhiteFideId "4211626"]
[BlackFideId "4213645"]
[EventDate "2011.07.03"]

1. d4 d5 2. c4 c6 3. Nf3 Nf6 4. Nc3 dxc4 5. a4 Bf5 6. Nh4 Bg4 7. h3 Bh5 8. g4
Bg6 9. Nxg6 hxg6 10. e3 e6 11. Bxc4 Bb4 12. Bd2 Nbd7 13. Qf3 Qa5 14. Kf1 O-O-O
15. Kg2 Nb6 16. Bb3 Rhf8 17. Rhc1 Nfd5 18. e4 Nc7 19. Be3 f5 20. Qg3 Bd6 21. Bf4
Bxf4 22. Qxf4 fxg4 23. Qxg4 Rxd4 24. Rd1 Qe5 25. Rxd4 Qxd4 26. Bxe6+ Kb8 27. Qg3
Ka8 28. Rd1 Qf6 29. Bg4 Ne6 30. Bxe6 Qxe6 31. Rd6 Qb3 32. Qf4 Rh8 33. Qh4 Qg8
34. Qg5 Nc4 35. Rd4 a6 36. b3 Qe6 37. Rd8+ Rxd8 38. Qxd8+ Ka7 39. Qd4+ 1-0

[Event "39th TCh-GRE"]
[Site "Eretria GRE"]
[Date "2011.07.06"]
[Round "5.8"]
[White "Tsounis, Serafim"]
[Black "Terzis, Filippos-Stamatis"]
[Result "1-0"]
[WhiteElo "1806"]
[BlackElo "1713"]
[WhiteTeam "SK. AK. Chalkidos Palamidis The Evvoefs"]
[BlackTeam "CC Patron"]
[WhiteFideId "4238346"]
[BlackFideId "4227670"]
[EventDate "2011.07.03"]

1. d4 f5 2. e4 fxe4 3. Nc3 Nf6 4. Bg5 g6 5. Bxf6 exf6 6. Nxe4 Bg7 7. Qd2 d5 8.
Nc3 Be6 9. h4 c6 10. h5 f5 11. hxg6 h6 12. Nge2 Qf6 13. Nf4 Nd7 14. Qe2 Nf8 15.
Na4 O-O-O 16. O-O-O Kb8 17. Nc5 Bc8 18. Kb1 Nxg6 19. Nh5 Qf7 20. Nxg7 Qxg7 21.
c3 Rde8 22. Qf3 Qf6 23. Bd3 Re7 24. Rh5 Rf7 25. Rdh1 Ne7 26. Qf4+ Ka8 27. Rxh6
Rxh6 28. Rxh6 Qg7 29. Qh2 Qg4 30. f3 Qg5 31. Rh8 f4 32. Qh3 Kb8 33. Qd7 1-0

[Event "39th TCh-GRE"]
[Site "Eretria GRE"]
[Date "2011.07.06"]
[Round "5.9"]
[White "Kryvoruchko, Yuriy"]
[Black "Balogh, Csaba"]
[Result "1/2-1/2"]
[WhiteTitle "GM"]
[BlackTitle "GM"]
[WhiteElo "2652"]
[BlackElo "2643"]
[WhiteTeam "Chania Chess Academy"]
[BlackTeam "F.O. New Irakleion Attica 2173"]
[WhiteFideId "14109182"]
[BlackFideId "718939"]
[EventDate "2011.07.03"]

1. e4 e5 2. Nf3 Nc6 3. Bb5 Nf6 4. O-O Nxe4 5. d4 Nd6 6. Bxc6 dxc6 7. dxe5 Nf5 8.
Qxd8+ Kxd8 9. Nc3 Ke8 10. h3 h6 11. Rd1 Bd7 12. b3 Rd8 13. Bb2 h5 14. g3 Be7 15.
Kg2 Be6 16. Ne2 g5 17. c4 c5 18. Rxd8+ Bxd8 19. Rd1 Rg8 20. Nh2 Bd7 21. Nc3 Bc6+
22. Nd5 Kd7 23. g4 hxg4 24. Nxg4 Kc8 25. Kf3 Rh8 26. Kg2 Nh4+ 27. Kg3 Nf5+ 28.
Kh2 Nh6 29. Kg3 Nf5+ 30. Kh2 Nh6 31. Kg3 Nf5+ 1/2-1/2

[Event "39th TCh-GRE"]
[Site "Eretria GRE"]
[Date "2011.07.06"]
[Round "5.9"]
[White "Managadze, Nikoloz"]
[Black "Tsarouhas, Konstantinos"]
[Result "1-0"]
[WhiteTitle "IM"]
[WhiteElo "2470"]
[BlackElo "2207"]
[WhiteTeam "F.O. New Irakleion Attica 2173"]
[BlackTeam "Chania Chess Academy"]
[WhiteFideId "13600575"]
[BlackFideId "4201094"]
[EventDate "2011.07.03"]

1. e4 c5 2. Nf3 e6 3. c3 Nf6 4. e5 Nd5 5. d4 cxd4 6. cxd4 d6 7. Bc4 Nb6 8. Bd3
Nc6 9. O-O dxe5 10. dxe5 Nd7 11. Bb5 Qb6 12. Nc3 Be7 13. Qe2 O-O 14. Qe4 Nc5 15.
Qg4 f5 16. exf6 Bxf6 17. Bc4 Kh8 18. Be3 e5 19. Qg3 Qb4 20. b3 Ne7 21. Bxc5 Qxc5
22. Ne4 Qc6 23. Nfg5 Nf5 24. Qd3 Bxg5 25. Nxg5 Qf6 26. Ne4 Qe7 27. Rad1 Be6 28.
Bxe6 Qxe6 29. Qd7 Qb6 30. Nd6 Nxd6 31. Rxd6 Rad8 32. Rxb6 Rxd7 33. Rb5 Rf5 34.
f3 a6 35. Rc5 h6 36. g4 Rg5 37. h4 Rg6 38. Rxe5 Rc6 39. Re2 Rd3 40. Kg2 Kg8 41.
h5 Rcc3 42. Rff2 Kf7 43. Rd2 Rxd2 44. Rxd2 Ke6 45. Kg3 a5 46. Kf4 a4 47. Re2+
Kf7 48. bxa4 Ra3 49. Re4 Rxa2 50. Rb4 b6 51. Ke5 Ke7 52. Kd5 Kd7 53. Rxb6 Rxa4
54. Rb7+ Ke8 55. Rxg7 Rf4 56. Rg6 Rxf3 57. Rxh6 Kf7 58. Ke5 Rf1 59. Rg6 Rf2 60.
Rg5 Rh2 61. Kf4 Ra2 62. h6 Kf6 63. Rg8 Ra4+ 64. Kg3 Ra7 65. g5+ Kf5 66. Rg7 Ra1
67. h7 1-0

[Event "39th TCh-GRE"]
[Site "Eretria GRE"]
[Date "2011.07.06"]
[Round "5.9"]
[White "Kalaitzoglou, Panayotis"]
[Black "Papadopoulos, Nikolaos2"]
[Result "0-1"]
[WhiteElo "2197"]
[BlackElo "2127"]
[WhiteTeam "Chania Chess Academy"]
[BlackTeam "F.O. New Irakleion Attica 2173"]
[WhiteFideId "4202422"]
[BlackFideId "4211596"]
[EventDate "2011.07.03"]

1. e4 d6 2. d4 Nf6 3. Nc3 g6 4. f4 Bg7 5. Nf3 O-O 6. Bd3 Na6 7. O-O c5 8. d5 Rb8
9. a4 Nb4 10. Bc4 e6 11. e5 Nfxd5 12. Ne4 dxe5 13. fxe5 h6 14. c3 Nc6 15. Qe2
Nxe5 16. Kh1 Nxc4 17. Qxc4 b6 18. a5 Bb7 19. Bd2 f5 20. Ng3 Nc7 21. axb6 axb6
22. Qe2 e5 23. Rfd1 Qf6 24. Ra7 e4 25. Ne1 Ne6 26. Nc2 Rfd8 27. Rf1 Qe5 0-1

[Event "39th TCh-GRE"]
[Site "Eretria GRE"]
[Date "2011.07.06"]
[Round "5.9"]
[White "Tsarouha, Marianthi"]
[Black "Lalaouni, Konstantina"]
[Result "1-0"]
[WhiteElo "1799"]
[BlackElo "1535"]
[WhiteTeam "Chania Chess Academy"]
[BlackTeam "F.O. New Irakleion Attica 2173"]
[WhiteFideId "4223322"]
[BlackFideId "4222113"]
[EventDate "2011.07.03"]

1. d4 Nf6 2. Nf3 d5 3. c4 c5 4. e3 cxd4 5. exd4 dxc4 6. Bxc4 e6 7. O-O Be7 8.
Nc3 O-O 9. Re1 Nc6 10. a3 a6 11. Bf4 b5 12. Ba2 Bb7 13. Qd3 Bd6 14. Bg5 Be7 15.
Rad1 Re8 16. Bb1 g6 17. h3 Nd5 18. Bh6 Bf6 19. Ba2 Nxc3 20. Qxc3 Qb6 21. Be3
Rac8 22. Qd2 Qc7 23. Ng5 Bxg5 24. Bxg5 Ne7 25. Bf6 Bd5 26. Bb1 Nf5 27. Bxf5 exf5
28. Qh6 1-0

[Event "39th TCh-GRE"]
[Site "Eretria GRE"]
[Date "2011.07.06"]
[Round "5.9"]
[White "Papadogiannis, Sevastianos"]
[Black "Pappelis, Dimitrios"]
[Result "1/2-1/2"]
[WhiteElo "1995"]
[BlackElo "2025"]
[WhiteTeam "Chania Chess Academy"]
[BlackTeam "F.O. New Irakleion Attica 2173"]
[WhiteFideId "4239369"]
[BlackFideId "4215281"]
[EventDate "2011.07.03"]

1. g3 c5 2. Bg2 Nc6 3. c4 g6 4. Nf3 Bg7 5. O-O e5 6. Nc3 Nge7 7. a3 O-O 8. Rb1
a5 9. Ne1 d6 10. Nc2 Bf5 11. d3 Qd7 12. Ne3 Bh3 13. Ned5 Bxg2 14. Kxg2 Nxd5 15.
Nxd5 Ne7 16. Nxe7+ Qxe7 17. b4 axb4 18. axb4 b6 19. e4 f5 20. f3 Bf6 21. bxc5
bxc5 22. Rf2 Rfb8 23. Rfb2 Rxb2+ 24. Rxb2 Bg5 25. Bxg5 Qxg5 26. Qd2 Qxd2+ 27.
Rxd2 Ra3 28. f4 Kf7 29. Kf3 Ke6 30. Ke3 Ra1 31. Rc2 fxe4 32. Kxe4 Re1+ 33. Kf3
Rd1 34. fxe5 Kxe5 35. Ke3 Re1+ 36. Kd2 Rh1 37. Ke3 Re1+ 38. Kd2 Rh1 1/2-1/2

[Event "39th TCh-GRE"]
[Site "Eretria GRE"]
[Date "2011.07.06"]
[Round "5.9"]
[White "Tsakalidis, Efstratios"]
[Black "Papadopoulos, Argirios"]
[Result "0-1"]
[WhiteElo "1567"]
[BlackElo "1745"]
[WhiteTeam "F.O. New Irakleion Attica 2173"]
[BlackTeam "Chania Chess Academy"]
[WhiteFideId "4243234"]
[BlackFideId "4241509"]
[EventDate "2011.07.03"]

1. d4 d5 2. c4 c6 3. Nc3 Nf6 4. cxd5 cxd5 5. Bf4 Bf5 6. e3 e6 7. Qb3 Qb6 8. Bb5+
Nc6 9. Nf3 Be7 10. Ne5 Rc8 11. Bxc6+ bxc6 12. Qxb6 axb6 13. Rc1 Bb4 14. Ke2 Bxc3
15. Rxc3 c5 16. dxc5 Ne4 17. Rcc1 Rxc5 18. Rxc5 bxc5 19. Rc1 f6 20. f3 Nd6 21.
Rxc5 fxe5 22. Bxe5 Kd7 23. Bxd6 Kxd6 24. b4 Ra8 25. Kf2 Rxa2+ 26. Kg3 Rb2 27.
Rb5 Bd3 28. Rb6+ Ke5 29. f4+ Kf6 30. Kh4 Rxg2 31. h3 h6 32. Rb8 Be2 0-1

[Event "39th TCh-GRE"]
[Site "Eretria GRE"]
[Date "2011.07.06"]
[Round "5.10"]
[White "Nikolaidis, Ioannis"]
[Black "Tsomis, Dimitrios"]
[Result "1-0"]
[WhiteTitle "GM"]
[BlackTitle "FM"]
[WhiteElo "2545"]
[BlackElo "2187"]
[WhiteTeam "AO Kydon Chania"]
[BlackTeam "Peiraikos OS"]
[WhiteFideId "4202139"]
[BlackFideId "4201280"]
[EventDate "2011.07.03"]

1. d4 Nf6 2. c4 e6 3. Nf3 c5 4. d5 b5 5. Bf4 d6 6. dxe6 fxe6 7. cxb5 Be7 8. e3
O-O 9. Nc3 Bb7 10. Bg3 d5 11. Be2 Bd6 12. Qc2 Qe7 13. e4 Bxg3 14. hxg3 dxe4 15.
Ng5 h6 16. Ngxe4 Nd5 17. Nxd5 Nd7 18. O-O Bxd5 19. Rad1 Rac8 20. b3 Nb6 21. Bc4
Nxc4 22. bxc4 Ba8 23. Rd2 Rcd8 24. Rfd1 Rxd2 25. Rxd2 Qc7 26. Nd6 Rd8 27. Qd1
Rf8 28. Qe2 Qe7 29. Qe5 Qf6 30. Re2 1-0

[Event "39th TCh-GRE"]
[Site "Eretria GRE"]
[Date "2011.07.06"]
[Round "5.10"]
[White "Sklavounos, Panayotis"]
[Black "Souleidis, Georgios"]
[Result "0-1"]
[BlackTitle "IM"]
[WhiteElo "1988"]
[BlackElo "2389"]
[WhiteTeam "Peiraikos OS"]
[BlackTeam "AO Kydon Chania"]
[WhiteFideId "4202015"]
[BlackFideId "4206827"]
[EventDate "2011.07.03"]

1. c4 g6 2. Nc3 Bg7 3. d4 d6 4. e4 Nf6 5. f3 O-O 6. Nge2 c5 7. Be3 Nc6 8. Qd2 a6
9. Rc1 Qa5 10. a3 Nd7 11. d5 Nce5 12. Nf4 b5 13. cxb5 c4 14. Be2 axb5 15. O-O b4
16. axb4 Qxb4 17. Ra1 Rb8 18. Na4 Qxd2 19. Bxd2 Ba6 20. Ra3 Rb7 21. Bc3 Bb5 22.
b3 Ra8 23. Rfa1 Rba7 24. Kh1 Nc5 25. Nb6 Rxa3 26. Nxa8 Rxa1+ 27. Bxa1 Nxb3 28.
Bc3 Nd3 29. Bxg7 Nxf4 30. Bxc4 Bxc4 31. Bh6 Bd3 32. Nb6 Bb5 33. Nc8 e6 34. Ne7+
Kh8 35. Nc8 Bd7 36. Nxd6 Kg8 37. Kg1 exd5 38. exd5 Bb5 39. g4 Nxd5 40. Ne4 f6
41. h4 Kf7 42. h5 Nd4 43. Kf2 gxh5 44. gxh5 Nf5 45. Bc1 Be8 46. Bb2 Kg7 47. Ng5
Bxh5 48. Nxh7 Kxh7 49. f4 Kg6 50. Bxf6 Kxf6 51. Ke1 Nxf4 52. Kd2 Ke5 53. Kc3 Kd5 0-1

[Event "39th TCh-GRE"]
[Site "Eretria GRE"]
[Date "2011.07.06"]
[Round "5.10"]
[White "Pavlidis, Anastasios"]
[Black "Sidiropoulos, Leonidas"]
[Result "1-0"]
[WhiteTitle "FM"]
[WhiteElo "2323"]
[BlackElo "1719"]
[WhiteTeam "AO Kydon Chania"]
[BlackTeam "Peiraikos OS"]
[WhiteFideId "4208404"]
[BlackFideId "4222954"]
[EventDate "2011.07.03"]

1. e4 e5 2. Nf3 Nc6 3. Bb5 Nge7 4. c3 g6 5. d4 exd4 6. cxd4 Bg7 7. O-O d5 8.
exd5 Nxd5 9. Re1+ Be6 10. Bg5 Qd6 11. Nc3 O-O 12. a3 Nxc3 13. bxc3 a6 14. Be2
Rfe8 15. Nd2 Qd5 16. Bf4 Qa5 17. Qc1 Qf5 18. Bg3 Na5 19. Bxc7 Rac8 20. g4 Qd5
21. Bf3 Qb5 22. a4 Nb3 23. axb5 Nxc1 24. b6 Nb3 25. Nxb3 Bxb3 26. Bxb7 Rxe1+ 27.
Rxe1 Rf8 28. Bc6 1-0

[Event "39th TCh-GRE"]
[Site "Eretria GRE"]
[Date "2011.07.06"]
[Round "5.10"]
[White "Korou, Laskarina"]
[Black "Pavlidou, Ekaterini"]
[Result "0-1"]
[BlackTitle "WIM"]
[WhiteElo "1921"]
[BlackElo "2220"]
[WhiteTeam "Peiraikos OS"]
[BlackTeam "AO Kydon Chania"]
[WhiteFideId "4204832"]
[BlackFideId "4213262"]
[EventDate "2011.07.03"]

1. e4 c5 2. Nf3 e6 3. d4 cxd4 4. Nxd4 Nf6 5. Nc3 Nc6 6. Ndb5 d6 7. Bf4 e5 8. Bg5
a6 9. Na3 b5 10. Bxf6 gxf6 11. Bxb5 axb5 12. Naxb5 Be6 13. Nd5 Rc8 14. c3 Bxd5
15. Qxd5 Qd7 16. Rd1 Rd8 17. O-O Rg8 18. Kh1 Rg5 19. Rd3 Na7 20. c4 Nc8 21. Rfd1
Nb6 22. Nxd6+ Bxd6 23. Qxd6 Qxd6 24. Rxd6 Rxd6 25. Rxd6 Nxc4 26. Rxf6 Nxb2 27.
Rh6 Nd3 28. Rxh7 Nxf2+ 29. Kg1 Nxe4 30. Rh8+ Ke7 31. a4 Rg6 32. Ra8 Rb6 33. h4
Kf6 34. a5 Rb2 35. a6 Ra2 36. a7 Kf5 37. g4+ Kf4 38. Kf1 Kf3 39. Kg1 Ra1+ 40.
Kh2 Nf2 0-1

[Event "39th TCh-GRE"]
[Site "Eretria GRE"]
[Date "2011.07.06"]
[Round "5.10"]
[White "Fragaki, Maria"]
[Black "Manolopoulou, Vasiliki"]
[Result "1-0"]
[WhiteElo "1927"]
[BlackElo "1400"]
[WhiteTeam "AO Kydon Chania"]
[BlackTeam "Peiraikos OS"]
[WhiteFideId "4221087"]
[BlackFideId "4232356"]
[EventDate "2011.07.03"]

1. e4 e5 2. Bc4 Nf6 3. d3 h6 4. Nf3 Nc6 5. O-O d6 6. c3 Be7 7. Nbd2 O-O 8. Bb3
Be6 9. Bc2 d5 10. Qe2 Bd6 11. Re1 Re8 12. Nf1 Qe7 13. Ng3 Rad8 14. Nh4 Qd7 15.
Nhf5 Bf8 16. Qf3 Be7 17. h3 Kh7 18. d4 Kh8 19. Nxe7 Qxe7 20. exd5 Bxd5 21. Qd3
e4 22. Qe2 Nb8 23. Bf4 Bc6 24. Be5 Rd7 25. Qd2 Na6 26. Qf4 Kg8 27. Nf5 Qd8 28.
Nxh6+ Kh7 29. Nf5 Rh8 30. Nxg7 Kg8 31. Bxf6 Qf8 32. Qg5 Kh7 33. Nf5 1-0

[Event "39th TCh-GRE"]
[Site "Eretria GRE"]
[Date "2011.07.06"]
[Round "5.10"]
[White "Asvestopoulou, Evdokia"]
[Black "Hnara, Maria-Danai"]
[Result "0-1"]
[WhiteElo "1583"]
[BlackElo "1645"]
[WhiteTeam "Peiraikos OS"]
[BlackTeam "AO Kydon Chania"]
[WhiteFideId "4219198"]
[BlackFideId "4221419"]
[EventDate "2011.07.03"]

1. d4 Nf6 2. c4 g6 3. Nc3 Bg7 4. e4 d6 5. f3 a6 6. Be3 c6 7. a4 a5 8. Qd2 Na6 9.
Bd3 Nb4 10. Nge2 O-O 11. O-O b6 12. Rfd1 Nd7 13. Rac1 Nxd3 14. Qxd3 Ba6 15. b3
Qc7 16. Nb5 Qb7 17. Rc2 Rac8 18. Rdc1 Qb8 19. Nbc3 Rfd8 20. Qd1 Qa7 21. Rd2 Qb8
22. Rdc2 Qa8 23. d5 c5 24. f4 Bb7 25. Qf1 Nf6 26. Qf3 e6 27. g4 exd5 28. exd5
Re8 29. Ng3 Nxg4 30. Qxg4 Rxe3 31. Nb5 Qb8 32. Rg2 Rce8 33. f5 Qd8 34. fxg6 fxg6
35. Rf1 Re1 36. Rf2 Ba6 37. Rxe1 Rxe1+ 38. Kg2 Bxb5 39. axb5 Bd4 40. Rf3 Qe7 41.
Nf5 Qg5 42. Nh6+ Kg7 43. Nf5+ Qxf5 44. Qxf5 gxf5 45. Rxf5 Re3 46. Rf3 Re2+ 47.
Kh1 Be5 0-1

[Event "39th TCh-GRE"]
[Site "Eretria GRE"]
[Date "2011.07.06"]
[Round "5.10"]
[White "Kazakos, Emmanouil"]
[Black "Sidiropoulos, Nikolaos2"]
[Result "0-1"]
[WhiteElo "2105"]
[BlackElo "1899"]
[WhiteTeam "AO Kydon Chania"]
[BlackTeam "Peiraikos OS"]
[WhiteFideId "4216555"]
[BlackFideId "4217250"]
[EventDate "2011.07.03"]

1. e4 g6 2. d4 Bg7 3. Nc3 c6 4. h3 d5 5. Nf3 dxe4 6. Nxe4 Nd7 7. Bc4 Ngf6 8.
Nxf6+ Nxf6 9. O-O O-O 10. Re1 Nd5 11. c3 h6 12. Ne5 Qd6 13. Qf3 Be6 14. Qg3 Rad8
15. Bd3 Bc8 16. a3 Qf6 17. Be4 Bf5 18. Ng4 Bxg4 19. hxg4 g5 20. Bc2 Rfe8 21. Qd3
e5 22. dxe5 Rxe5 23. Rxe5 Qxe5 24. Be3 Qe6 25. Rd1 Kf8 26. Qh7 Qe7 27. Qd3 Bf6
28. Bd4 Bxd4 29. Qxd4 Qe2 30. Bf5 Re8 31. c4 Nb6 32. Rf1 Qe5 33. Qd3 Kg7 34. b3
Nc8 35. Rd1 Nb6 36. a4 Kg8 37. g3 Re7 38. Qd2 Re8 39. a5 Nc8 40. Qd7 Qe2 41. Bc2
Kf8 42. Qf5 Ne7 43. Qh7 Ng6 44. Rd7 Qf3 45. Rxf7+ Qxf7 46. Qxh6+ Qg7 47. Qxg6
Qxg6 48. Bxg6 Re2 49. a6 bxa6 50. c5 Rb2 51. Be4 Rxb3 52. Bxc6 Rc3 53. Kg2 Rxc5
54. Bd7 Rc7 55. Be6 a5 56. Bb3 Rb7 57. Bd1 Rb1 58. Bc2 Rb4 0-1

[Event "39th TCh-GRE"]
[Site "Eretria GRE"]
[Date "2011.07.06"]
[Round "5.10"]
[White "Karakatsanis, Nikolaos"]
[Black "Ontabasidis, Aristidis"]
[Result "0-1"]
[WhiteElo "1430"]
[BlackElo "1513"]
[WhiteTeam "Peiraikos OS"]
[BlackTeam "AO Kydon Chania"]
[WhiteFideId "4219236"]
[BlackFideId "4248872"]
[EventDate "2011.07.03"]

1. e4 e5 2. Nf3 Nc6 3. Bc4 Bc5 4. Nc3 Nf6 5. d3 d6 6. Bg5 h6 7. Bxf6 Qxf6 8. Nd5
Qd8 9. c3 Ne7 10. d4 Nxd5 11. dxc5 Nf4 12. O-O O-O 13. Qb3 Qf6 14. cxd6 Qxd6 15.
Rad1 Qg6 16. Nh4 Qxe4 17. Bxf7+ Kh8 18. Rfe1 Nh3+ 19. gxh3 Qxh4 20. Rxe5 Bxh3
21. Qc4 Qf6 22. Re3 Rxf7 23. Rxh3 Qxf2+ 24. Kh1 Raf8 25. Rg1 Qf4 26. Qe6 Qf5 27.
Qxf5 Rxf5 28. Rhg3 g5 29. Rh3 Kg7 30. Re3 R8f7 31. h4 Kg6 32. Re6+ Kh5 33. hxg5
Rxg5 34. Rge1 Rf2 35. Re7 Rc5 36. R7e5+ Rxe5 37. Rxe5+ Kh4 38. Re4+ Kg3 39. Re3+
Rf3 40. Rxf3+ Kxf3 41. Kh2 Ke3 42. Kh3 Kd2 0-1

[Event "39th TCh-GRE"]
[Site "Eretria GRE"]
[Date "2011.07.06"]
[Round "5.11"]
[White "Jianu, Vlad-Cristian"]
[Black "Karagiannis, Athanasios"]
[Result "1/2-1/2"]
[WhiteTitle "GM"]
[BlackTitle "IM"]
[WhiteElo "2518"]
[BlackElo "2340"]
[WhiteTeam "Polichni CC"]
[BlackTeam "Aigaleo CC"]
[WhiteFideId "1208110"]
[BlackFideId "4201256"]
[EventDate "2011.07.03"]

1. c4 Nf6 2. Nf3 c6 3. d4 d5 4. e3 e6 5. b3 Bd6 6. Bd3 O-O 7. Bb2 b6 8. O-O Bb7
9. Nbd2 c5 10. cxd5 exd5 11. Ne5 Nbd7 12. f4 a6 13. Qf3 Re8 14. Qh3 Nf8 15. Rad1
b5 16. dxc5 Bxc5 17. Kh1 Qb6 18. Ndf3 Bxe3 19. Ng5 Re7 20. Ng4 Nxg4 21. Bxh7+
Kh8 22. Bg6+ Kg8 23. Bh7+ Kh8 24. Bg6+ Kg8 1/2-1/2

[Event "39th TCh-GRE"]
[Site "Eretria GRE"]
[Date "2011.07.06"]
[Round "5.11"]
[White "Spirakopoulos, Ioannis"]
[Black "Theofilopoulos, Aris"]
[Result "1/2-1/2"]
[WhiteElo "2155"]
[BlackElo "2205"]
[WhiteTeam "Aigaleo CC"]
[BlackTeam "Polichni CC"]
[WhiteFideId "4204123"]
[BlackFideId "4201825"]
[EventDate "2011.07.03"]

1. e4 e5 2. Nf3 Nf6 3. Nxe5 d6 4. Nf3 Nxe4 5. d3 Nf6 6. d4 d5 7. Bd3 Bg4 8. O-O
Be7 9. Re1 O-O 10. h3 Bh5 11. Nbd2 Re8 12. Nf1 c5 13. Ng3 Bg6 14. Ne5 Nbd7 15.
Nxg6 hxg6 16. c3 Qb6 17. Qb3 c4 18. Qxb6 axb6 19. Bc2 b5 20. Bg5 b4 21. Bd2 Nb8
22. Bd1 bxc3 23. Bxc3 b5 24. Bf3 b4 25. Bd2 Nc6 26. Be3 Ra6 27. Ne2 Rea8 28. Nf4
Ra5 29. Rad1 Bd6 30. g4 Bxf4 31. Bxf4 Rxa2 32. g5 Ne4 33. Bxe4 dxe4 34. d5 Na5
35. d6 c3 36. bxc3 b3 37. d7 Nb7 38. Bc7 b2 39. Rb1 Ra1 40. Kg2 Kf8 41. Bb6 Ke7
42. d8=Q+ Nxd8 43. Rxe4+ Ne6 44. Rxb2 Kd6 45. Be3 R8a5 46. h4 Kd5 47. Reb4 R1a4
48. c4+ Ke5 49. c5 Rxb4 50. Rxb4 Kd5 51. Rb7 f6 52. Rd7+ Ke5 53. c6 Ra6 54. c7
Rc6 55. Kg3 Rc3 56. gxf6 gxf6 57. Kg2 Rxc7 58. Bd4+ Kf5 59. Rxc7 Nxc7 60. Kg3
Nb5 61. Bb2 Nd6 62. f3 Nc4 63. Bc3 Ne3 64. h5 gxh5 65. Kh4 Nd5 66. Bd2 Kg6 67.
Bc1 Ne7 68. Bb2 Nf5+ 69. Kh3 Ne3 70. Kh4 Ng2+ 71. Kg3 Ne1 72. Bc3 Nd3 73. Kh4
Ne5 74. f4 Ng4 75. f5+ Kxf5 76. Kxh5 Ne5 77. Kh4 Ke4 78. Kg3 Ke3 79. Bb2 1/2-1/2